000 04275nam a22005537a 4500
003 dpl
005 20080530143524.0
008 080530t xxu||||| |||| 00| 0 eng d
010 _aB-267144-169
020 _a0340893184
_c60.00
035 _aB-267144-169
040 _aDPL
_bEN
082 _aS
100 _aBlyton, Enid
245 _aGood old secret seven /
_cby Enid Blyton
260 _aLondon
_bHodder Headline
_c2004
270 _bNew York
300 _a122p.
_c18 cm (Hb)
490 _aThe secret seven 12
942 _2ddc
_cCH
_hS
999 _c13173
_d13173